000 01922nam a22004213i 4500
001 EBC5573699
003 MiAaPQ
005 20240830130111.0
006 m o d |
007 cr cnu||||||||
008 240821s2019 enk o 000 0 eng d
020 _a9781292266084
_q(electronic bk.)
020 _z9781292266022
035 _a(MiAaPQ)EBC5573699
035 _a(Au-PeEL)EBL5573699
035 _a(CaPaEBR)ebr11632620
035 _a(OCoLC)1063889882
040 _aMiAaPQ
_beng
_erda
_epn
_cMiAaPQ
_dMiAaPQ
082 0 4 _a658.022
_223
100 1 _aScarborough, Norman M.,
_eauthor.
_910028
245 1 0 _aEssentials of entrepreneurship and small business management /
_cNorman M. Scarborough, Jeffrey R. Cornwall.
250 _aNinth edition.
250 _aGlobal edition.
264 1 _aHarlow, United Kingdom :
_bPearson Education Limited,
_c[2019]
300 _a1 online resource (835 pages)
336 _atext
_2rdacontent
337 _acomputer
_2rdamedia
338 _aonline resource
_2rdacarrier
588 _aDescription based on publisher supplied metadata and other sources.
590 _aElectronic reproduction. Ann Arbor, Michigan : ProQuest Ebook Central, 2024. Available via World Wide Web. Access may be limited to ProQuest Ebook Central affiliated libraries.
650 0 _aSmall business
_xManagement.
650 0 _aNew business enterprises
_xManagement.
650 0 _aEntrepreneurship.
655 4 _aElectronic books.
700 1 _aCornwall, Jeffrey R.,
_eauthor.
776 0 8 _iPrint version:
_aScarborough, Norman M.
_tEssentials of Entrepreneurship and Small Business Management, Global Edition.
_dHarlow, United Kingdom : Pearson Education Limited, ©2018
_z9781292266022
856 4 0 _uhttps://ezproxy.taylors.edu.my/login?url=https://ebookcentral.proquest.com/lib/taylors/detail.action?docID=5573699
_zAn electronic book accessible through the World Wide Web; click to view
999 _c191508